Manuel Oyonarte (Record no. 12337)

MARC details
000 -LEADER
campo de control de longitud fija 00726nam a22002415i 4500
001 - NÚMERO DE CONTROL
campo de control 12337
003 - IDENTIFICADOR DE NÚMERO DE CONTROL
campo de control ES-MaACL
005 - FECHA Y HORA DE LA ÚLTIMA TRANSACCIÓN
campo de control 20230906150306.0
008 - DATOS DE LONGITUD FIJA--INFORMACIÓN GENERAL
campo de control de longitud fija 930727s1993 sp ||||0| spa j
020 ## - NÚMERO INTERNACIONAL ESTÁNDAR DEL LIBRO
Número Internacional Estándar del Libro 84-88186-07-X
040 ## - FUENTE DE CATALOGACIÓN
Centro catalogador/agencia de origen M-BN
Lengua de catalogación spa
Centro/agencia transcriptor M-BN
080 ## - NÚMERO DE LA CLASIFICACIÓN DECIMAL UNIVERSAL
Número de la Clasificación Decimal Universal 75 Oyonarte, Manuel
100 1# - ENTRADA PRINCIPAL--NOMBRE DE PERSONA
Nombre de persona Sáez-Angulo, Julia.
9 (RLIN) 101359
245 10 - MENCIÓN DEL TÍTULO
Título Manuel Oyonarte
Resto del título : pinturas /
Mención de responsabilidad, etc. Julia Sèz-Angulo.
260 ## - PUBLICACIÓN, DISTRIBUCIÓN, ETC.
Lugar de publicación, distribución, etc. Madrid :
Nombre del editor, distribuidor, etc. MRD Grupo,
Fecha de publicación, distribución, etc. D.L. 1993.
300 ## - DESCRIPCIÓN FÍSICA
Extensión 59 p :
Otras características físicas il. col. y n ;
Dimensiones 23x23 cm.
490 1# - MENCIÓN DE SERIE
Mención de serie Formas plásticas
600 14 - PUNTO DE ACCESO ADICIONAL DE MATERIA--NOMBRE DE PERSONA
Nombre de persona Oyonarte, Manuel.
9 (RLIN) 88058
700 1# - ENTRADA AGREGADA--NOMBRE PERSONAL
Nombre de persona Oyonarte, Manuel.
9 (RLIN) 88058
830 0# - PUNTO DE ACCESO ADICIONAL DE SERIE-TÍTULO UNIFORME
Título uniforme Formas plásticas
9 (RLIN) 228290
852 ## - LOCALIZACIÓN
Ubicación ES-MaACL
Número de control de estantería L-19577
Sublocalización o colección R.122753
Holdings
Estatus retirado Estado de pérdida Estado de daño No para préstamo Biblioteca de origen Biblioteca actual Ubicación en estantería Fecha de adquisición Fuente de adquisición Total de préstamos Signatura topográfica completa Código de barras Visto por última vez Precio de reemplazo Tipo de ítem Koha
        Biblioteca del Ateneo de Madrid Biblioteca del Ateneo de Madrid Depósito 2 17/01/2008     L-19577 1012572 23/02/2023 23/02/2023 Libro impreso